000 00680nam a2200253 4500
001 2017
010 _a9789722061070
021 _aPT
_b422154/17
090 _a2017
100 _a20251215d2024 m||y0pory50030103ba
101 _apor
102 _aPT
200 _aA vegetariana
_fHan Kang
_gtrad. Maria do Carmo Figueira
205 _a6ª edição
210 _aAlfragide
_cD. Quixote
_d2019
215 _a190 p.
_d23 cm
300 _aBMB-Registado
606 _92885
_aLiteratura Sul-Coreana
606 _9779
_aRomance
675 _a821.531-31
_vBMB
_zpor
700 _aKang
_f1970-
_92886
_bHan
702 _aFigueira
_bMaria do Carmo
_f1955-
_4730
_9926
801 _aPT
_bBMB
_gRPC
990 _cLIVROS